Sobre las facultades naturales

Saved in:
Bibliografiske detaljer
Hovedforfatter: Galeno (Author)
Format: Bog
Sprog:spansk
Udgivet: Madrid Gredos 2003
Serier:Biblioteca Clásica Gredos
Fag:
Tags: Tilføj Tag
Ingen Tags, Vær først til at tagge denne postø!

MARC

LEADER 00000nam a2200000 a 4500
001 UCG0110
003 CL-VaPUC
008 100312e20030000SP |||||||||||||||||spa|d
020 |a 8424923952 
082 0 4 |a 180  |b GAL  |2 21 
100 |a Galeno  |e author  |9 508255 
245 1 0 |a Sobre las facultades naturales 
246 1 4 |a Las facultades del alma siguen los temperamentos del cuerpo 
300 |a 215 p 
942 |c BK 
945 |d 20100312 00:00:00  |a rbrito 
260 |a Madrid  |b Gredos  |c 2003 
650 0 |a Filosofía romana   |9 344946 
583 |a last modification  |c 20121105 03:30:49  |k Rodrigo Vera 
490 0 |a Biblioteca Clásica Gredos 
999 |c 339857  |d 339855 
952 |0 0  |1 0  |4 0  |6 180_000000000000000_GAL_2003  |7 0  |8 X  |9 434095  |a BIBHIS  |b BIBHIS  |d 2019-11-22  |i 4638077  |o 180 GAL 2003  |p 4638077  |r 2024-01-30  |w 2019-11-22  |y BK_X  |k HIS